|
|
|
|
| LEADER |
00000nam a2200000 a 4500 |
| 001 |
UCX0170 |
| 003 |
CL-VaPUC |
| 008 |
890823e19790000SP |||||||||||||||||spa|d |
| 082 |
0 |
4 |
|a 248.3
|b EST
|2 21
|
| 100 |
0 |
|
|a Estradé, Miguel
|e author
|9 315561
|
| 245 |
1 |
0 |
|a En torno a la oración
|
| 250 |
|
|
|a 2a. ed
|
| 300 |
|
|
|a 143 p
|
| 942 |
|
|
|c BK
|
| 945 |
|
|
|d 19890823 00:00:00
|a aalvarez
|
| 260 |
|
|
|a Madrid
|b Narcea
|c 1979
|
| 650 |
|
0 |
|a Oración
|9 313348
|
| 583 |
|
|
|a last modification
|c 19890823 00:00:00
|k Rodrigo Vera
|
| 999 |
|
|
|c 221867
|d 221865
|
| 952 |
|
|
|0 0
|1 0
|4 0
|6 248_300000000000000_EST_1979
|7 0
|8 A
|9 215865
|a BIBTEO
|b BIBTEO
|d 2019-11-15
|i 2844109
|o 248.3 EST 1979
|p 2844109
|r 2025-01-17
|w 2019-11-15
|y BK
|k ICR
|